书目信息 |
| 题名: |
英语扩充词汇阅读欣赏1
|
|
| 作者: | 孙晓娥 , 许群航 编 | |
| 分册: | ||
| 出版信息: | 西安 西安交通大学出版社 2000.02 |
|
| 页数: | 183页 | |
| 开本: | 26cm | |
| 丛书名: | ||
| 单 册: | ||
| 中图分类: | H319.4:1 | |
| 科图分类: | ||
| 主题词: | 英语 | |
| 电子资源: | ||
| ISBN: | 7-5605-1163-5 | |
| 000 | 00619nam0 2200205 45 | |
| 001 | 0458773465 | |
| 005 | 2004042716193285 | |
| 010 | @a7-5605-1163-5@dCNY 13.80 | |
| 100 | @a20040427d2000 km y0chiy0120 ea | |
| 101 | 0 | @achi |
| 102 | @aCN@b610000 | |
| 200 | 1 | @a英语扩充词汇阅读欣赏1@AYing Yu Kuo Chong Ci Hui Yue Du Xin Shang 1@f孙晓娥,许群航编@FSun Xiao E,Xu Qun Hang Bian |
| 210 | @a西安@c西安交通大学出版社@d2000.02 | |
| 215 | @a183页@d26cm | |
| 606 | 0 | @a英语 |
| 690 | @aH319.4:1@v3 | |
| 701 | 0 | @a孙晓娥@ASun Xiao E@4编 |
| 701 | 0 | @a许群航@AXu Qun Hang@4编 |
| 801 | 0 | @aCN@bPFT@c20040427 |
| 905 | @dH319.4:1@eS960 | |
| 英语扩充词汇阅读欣赏1/孙晓娥,许群航编.-西安:西安交通大学出版社,2000.02 |
| 183页;26cm |
| ISBN 7-5605-1163-5:CNY 13.80 |
| ● |
| 相关链接 |
|
|
|
正题名:英语扩充词汇阅读欣赏1
索取号:H319.4:1/S960
 
预约/预借
| 序号 | 登录号 | 条形码 | 馆藏地/架位号 | 状态 | 备注 |
| 1 | 383650 | 203836509 | 语言库209/209语言库 25排1列4层/ [索取号:H319.4:1/S960] | 在馆 | |
| 2 | 383651 | 203836518 | 自科二线404/209语言库 25排1列3层/ [索取号:H319.4:1/S960] | 在馆 | |
| 3 | 383652 | 203836527 | 语言库209/209语言库 25排1列4层/ [索取号:H319.4:1/S960] | 在馆 |